| 000 | 00739 a2200277 4500 | ||
|---|---|---|---|
| 999 |
_c62287 _d15904 |
||
| 001 | 62287 | ||
| 003 | TR-AnTOB | ||
| 005 | 20190521091836.0 | ||
| 008 | 070703s2006 tu a 00000 tur | ||
| 020 | _a9756421460 | ||
| 040 |
_aTR-AnTOB _cTR-AnTOB |
||
| 041 | _atur | ||
| 050 | 0 |
_aPL234 _b.Y55 2006 |
|
| 090 | _aPL234 .Y55 2006 | ||
| 100 |
_aYıldız, Bahrem _934018 |
||
| 245 | 0 |
_aİstiklal yolu / _cBahrem Yıldız. |
|
| 264 | 1 |
_aİstanbul: _bOzan Yayıncılık, _c2006. |
|
| 300 |
_a96s.: _bres.; _c22cm |
||
| 336 |
_2rdacontent _atext _btxt |
||
| 337 |
_2rdamedia _aunmediated _bn |
||
| 338 |
_2rdacarrier _avolume _bnc |
||
| 490 | 0 |
_aOzan Yayıncılık Yayın No ; _v46 |
|
| 901 | _a0019630 | ||
| 942 |
_cBK _2lcc |
||